| 000 | 00728nam a22002657a 4500 | ||
|---|---|---|---|
| 001 | BR0809037 | ||
| 003 | BR-BrBNA | ||
| 005 | 20240412112229.0 | ||
| 007 | ta | ||
| 008 | 230509b bl.||||| |||| 00| 0 por d | ||
| 040 |
_aBR-BrBNA _bpor _cBiblioteca Nacional de Agricultura |
||
| 041 | _a(Por) | ||
| 072 | _aB50; F30 | ||
| 090 |
_aB50 _bBR0809037 |
||
| 100 | 1 | _aAragão, Francisco J. L. | |
| 245 | 1 | _aOrganismos transgênicos; explicando e discutindo a tecnologia | |
| 260 | 3 |
_aBarueri, SP (Brasil): _bEditora Manole Ltda., _c2003. |
|
| 300 | _a115 p. | ||
| 500 | _a26 illus. | ||
| 650 | _aPLANTA TRANSGÊNICA | ||
| 650 | _aBIOTECNOLOGIA | ||
| 650 | _aENGENHARIA GENÉTICA | ||
| 650 | _aHISTÓRIA | ||
| 942 |
_cBK _2AGRIS |
||
| 999 |
_c72501 _d72501 |
||